书目信息 |
| 题名: |
概率论与数理统计
|
|
| 作者: | 刘家春 主编 | |
| 分册: | ||
| 出版信息: | 哈尔滨 哈尔滨工业大学出版社 2005.09 |
|
| 页数: | 304页 | |
| 开本: | 23cm | |
| 丛书名: | ||
| 单 册: | ||
| 中图分类: | O21 | |
| 科图分类: | ||
| 主题词: | 概率论--gai lu lun--高等学校--教材 , 数理统计--shu li tong ji--高等学校--教材 | |
| 电子资源: | ||
| ISBN: | 7-5603-2190-9 | |
| 000 | 00841nam0 2200241 450 | |
| 001 | 012006723024 | |
| 005 | 20060913092442.17 | |
| 010 | @a7-5603-2190-9@dCNY28.00 | |
| 100 | @a20060619d2005 km y0chiy0120 ea | |
| 101 | 0 | @achi |
| 102 | @aCN@b230000 | |
| 105 | @aa z 000yy | |
| 200 | 1 | @a概率论与数理统计@Agai lu lun yu shu li tong ji@f刘家春主编@Fliu jia chun zhu bian |
| 210 | @a哈尔滨@c哈尔滨工业大学出版社@d2005.09 | |
| 215 | @a304页@c图@d23cm | |
| 300 | @a应用型高等学校教材 | |
| 330 | @a本书主要包括随机事件与概率、条件概率与独立性、随机变量及其分布、多维随机变量及其分布等。书后附有详细的习题解答。 | |
| 606 | 0 | @a概率论@Agai lu lun@x高等学校@j教材 |
| 606 | 0 | @a数理统计@Ashu li tong ji@x高等学校@j教材 |
| 690 | @aO21@v4 | |
| 701 | 0 | @a刘家春@Aliu jia chun@4主编 |
| 801 | 0 | @aCN@bQSSK@c20060913 |
| 905 | @a10447@dO21@eL630 | |
| 概率论与数理统计/刘家春主编.-哈尔滨:哈尔滨工业大学出版社,2005.09 |
| 304页:图;23cm |
| 应用型高等学校教材 |
| ISBN 7-5603-2190-9:CNY28.00 |
| 本书主要包括随机事件与概率、条件概率与独立性、随机变量及其分布、多维随机变量及其分布等。书后附有详细的习题解答。 |
| ● |
| 相关链接 |
|
|
|
正题名:概率论与数理统计
索取号:O21/L630
 
预约/预借
| 序号 | 登录号 | 条形码 | 馆藏地/架位号 | 状态 | 备注 |
| 1 | 589535 | 205895352 | 自科库401/401自科库 46排4列2层/ [索取号:O21/L630] | 在馆 | |
| 2 | 589536 | 205895361 | 自科库401/401自科库 46排4列2层/ [索取号:O21/L630] | 在馆 | |
| 3 | 589537 | 205895370 | 自科库401/401自科库 46排4列2层/ [索取号:O21/L630] | 在馆 |